header

Power and organizations (Record no. 129627)

MARC details
000 -LEADER
fixed length control field 01561nam a2200433 a 4500
082 04 - DEWEY DECIMAL CLASSIFICATION NUMBER
Classification number 302.3/5
100 1# - MAIN ENTRY--AUTHOR NAME
Personal name Clegg, Stewart.
245 10 - TITLE STATEMENT
Title Power and organizations
260 ## - PUBLICATION, DISTRIBUTION, ETC. (IMPRINT)
Place of publication London :
Name of publisher SAGE,
Year of publication 2006.
300 ## - PHYSICAL DESCRIPTION
Number of Pages x, 457 p. :
Other physical details ill.,.
490 1# - SERIES STATEMENT
Series statement Foundations for organizational science
650 #0 - SUBJECT ADDED ENTRY--TOPICAL TERM
Topical Term Power (Social sciences)
Topical Term Control (Psychology)
Topical Term Organizational sociology.
Topical Term Organizational behavior.
700 1# - ADDED ENTRY--PERSONAL NAME
Personal name Courpasson, David.
Personal name Phillips, Nelson.
856 40 - ELECTRONIC LOCATION AND ACCESS
Uniform Resource Identifier http://site.ebrary.com/lib/rucke/Doc?id=10218116

No items available.

© 2026 Rongo University
Contact us: librarian | system librarian | Rongo university